[Event "EU-ch 13th"]
[Site "Plovdiv"]
[Date "2012.03.28"]
[Round "8"]
[White "Kryvoruchko, Yuriy"]
[Black "Zhigalko, Andrey"]
[Result "1-0"]
[WhiteElo "2666"]
[BlackElo "2590"]
[Annotator "Let's Check Training"]
[PlyCount "115"]
[EventDate "2012.03.20"]
[EventType "swiss"]
[EventRounds "11"]
[EventCountry "BUL"]
[SourceTitle "CBM 148"]
[Source "ChessBase"]
[SourceDate "2012.05.16"]
[SourceVersion "1"]
[SourceVersionDate "2012.05.16"]
[SourceQuality "1"]

1. e4 c5 2. Nf3 d6 3. d4 cxd4 4. Nxd4 Nf6 5. Nc3 a6 6. g3 e5 7. Nde2 Nbd7 8.
Bg2 b5 9. O-O Be7 10. h3 Bb7 11. g4 b4 12. Nd5 Nxd5 13. exd5 O-O 14. Ng3 Re8
15. a3 a5 16. Be3 Bg5 17. Bxg5 Qxg5 18. axb4 axb4 19. Nf5 Ra6 20. Rxa6 Bxa6 21.
Re1 Qf6 22. Qd2 Rb8 23. b3 g6 24. Ng3 Qf4 25. Qxf4 exf4 26. Ne4 Rb6 27. g5 Kg7
28. Ra1 h6 29. h4 hxg5 30. hxg5 Kf8 31. Bf1 Bb7 32. Bc4 Ke7 33. Kg2 Ne5 34. Rh1
Ba6 35. Rh8 Bxc4 36. bxc4 Nd7 37. Ra8 Rb7 38. Ra4 Nc5 39. Nxc5 dxc5 40. Kf3 b3
41. cxb3 Rxb3+ 42. Kxf4 Rb2 43. Ke3 Rc2 44. f4 Rc3+ 45. Ke4 Rc1 46. Ra7+ Kd6
47. Ra6+ Ke7 48. d6+ Ke6 {[%tqu "En","","","","d6d7","",10]} 49. d7+ $1 Kxd7
50. Kd5 Rf1 51. Rf6 Ke7 52. Kxc5 Rc1 53. Kd5 Rd1+ (53... Rc3 54. c5 Rb3 $18)
54. Kc6 $18 Rb1 55. c5 Rc1 56. Kb6 Rb1+ 57. Kc7 Rb4 58. c6 1-0

[Event "Sao Paulo zt 2.4"]
[Site "Sao Paulo"]
[Date "2001.??.??"]
[Round "8"]
[White "Lima, Darcy Gustavo Macha"]
[Black "Leitao, Rafael Duailibe"]
[Result "1-0"]
[WhiteElo "2550"]
[BlackElo "2587"]
[Annotator "Melao,H"]
[PlyCount "75"]
[EventDate "2001.06.07"]
[EventType "tourn"]
[EventRounds "9"]
[EventCountry "BRA"]
[EventCategory "8"]
[SourceTitle "CBM 082 Extra"]
[Source "ChessBase"]
[SourceDate "2001.07.03"]
[SourceVersion "1"]
[SourceVersionDate "2001.07.03"]
[SourceQuality "1"]

1. e4 c5 2. Nf3 d6 3. d4 cxd4 4. Nxd4 Nf6 5. Nc3 a6 6. g3 e5 7. Nde2 Be7 8. Bg2
Nbd7 9. h3 b5 10. O-O Bb7 11. g4 O-O 12. Ng3 b4 13. Nd5 Nxd5 14. exd5 Re8 15.
a3 (15. Be3 Nb6 16. Qd2 a5 17. b3 Rb8 18. a3 a4 19. axb4 axb3 20. cxb3 h6 21.
Ra5 Bg5 22. Bxg5 hxg5 23. Ne4 f6 24. Rc1 Nc8 25. Nc3 Ne7 26. Be4 Bc8 27. Nb5 f5
28. gxf5 Bxf5 29. Bg2 Ng6 {Felgaer,R-Anastasian,A/Anibal Open ESP 2001/The
Week in Chess 323/1-0 (53)}) 15... a5 16. Be3 Qc7 (16... Ba6 17. Re1 Qb8 18.
axb4 axb4 19. b3 Rc8 20. Qd2 Nc5 21. Ra2 Bb7 22. Rea1 Rxa2 23. Rxa2 Ba8 24. Ne4
Nd7 25. Ra4 Qc7 26. Ra7 Qd8 27. Ng3 Bf8 28. Qxb4 {1-0 Spangenberg,H-Kasparov,G/
Buenos Aires 1997/EXT 98 (28)}) 17. Qd2 Ba6 18. Rfc1 Reb8 19. b3 Nc5 20. axb4
Rxb4 $2 21. Qe1 {[%csl Ra5][%cal Ye3d2,Yd2a5]} Rab8 22. Bd2 Bd8 (22... R4b7 $5
$16) 23. Bxb4 Rxb4 24. Ne4 Nxe4 25. Bxe4 Qc5 26. Ra4 Rxa4 27. bxa4 g6 28. Rb1
Bg5 29. Bd3 $5 Bxd3 30. cxd3 Qxd5 31. Qe4 Qa2 32. Rb8+ Kg7 33. Qc4 Qxc4 (33...
Qd2 $5) 34. dxc4 Bd2 35. Kf1 Kf6 36. Ke2 Bc3 37. Kd3 Be1 $2 (37... Bd4 38. f4
$18) 38. Rb1 (38. Rb1 Bb4 (38... Bxf2 39. Rf1 $18) 39. Rxb4 axb4 40. a5 $18)
1-0

[Event "SVK-ch"]
[Site "Kaskady"]
[Date "2002.07.06"]
[Round "10"]
[White "Movsesian, Sergei"]
[Black "Stohl, Igor"]
[Result "1-0"]
[WhiteElo "2624"]
[BlackElo "2550"]
[Annotator "Movsesian,S"]
[PlyCount "97"]
[EventDate "2002.06.27"]
[EventType "tourn"]
[EventRounds "11"]
[EventCountry "SVK"]
[EventCategory "12"]
[SourceTitle "CBM 090"]
[Source "ChessBase"]
[SourceDate "2002.09.20"]
[SourceVersion "1"]
[SourceVersionDate "2002.09.20"]
[SourceQuality "1"]

1. e4 {Ftacnik} c5 2. Nf3 d6 3. d4 cxd4 4. Nxd4 Nf6 5. Nc3 a6 6. g3 e5 7. Nb3
Nbd7 8. Bg2 b5 9. O-O Be7 10. Bd2 $5 $146 {[%csl Ra5] A try to improve white's
play compared to my game against Kasparov} (10. Nd5 {Movsesian-Kasparov,Prague
2001}) 10... O-O 11. Re1 $5 Nc5 ({Another critical move is} 11... Bb7 12. a4 b4
13. Nd5 Nxd5 14. exd5 a5 15. c3 bxc3 16. Bxc3 $14 {[%csl Ra5] and I think,
white has better chances in the game}) 12. Nd5 Nxd5 13. exd5 Nxb3 ({Black has
no time for} 13... Bb7 $2 14. Nxc5 dxc5 15. d6 $18) 14. axb3 {[%cal Ra1a6]} Bf5
(14... Bb7 15. c4 $14 {[%csl Rb7] and black pieces have to remain passive}) 15.
c4 Qb8 16. Ra2 $1 {An important move, which allows white to increase a
pressure on a6 pawn} Rc8 17. Bf1 Bd8 18. Qf3 Bd7 19. Rea1 Qb7 20. Qe4 Bb6 21.
Qe1 $1 Bc5 (21... Bd4 22. Be3 Qb6 23. Bxd4 exd4 24. Qb4 {[%csl Ra6,Rb5,Rd6]})
22. Bb4 f6 ({A try to escape tactically} 22... bxc4 {fails after} 23. Bxc5 cxb3
24. Bxa6 Qxd5 25. Bc4 $1 (25. Bxc8 $4 Bc6 $19) 25... Qxc4 26. Rxa8 Qxc5 27.
Rxc8+ Qxc8 28. Qd2 $18) 23. Bxc5 dxc5 24. Ra5 {[%csl Rb5]} b4 {'?' Ftacnik.
Ftacnik: 'Serious strategical mistake, black will lack any counterplay as the
planned Bf5-c2 loses due to the weakness of the c8-h3 diagonal.'} (24... bxc4 {
Ftacnik} 25. Bxc4 (25. bxc4 {Ftacnik} Qxb2 26. Rxa6 Rxa6 27. Rxa6 $14) 25...
Bb5 26. Qc3 Rab8 27. d6+ Kh8 28. Bxb5 axb5 29. Qd2 Qd7 30. Ra7 Rb7 31. Rxb7
Qxb7 32. d7 Rd8 33. Rd1 $14) 25. R1a2 $1 {[%cal Re1a1] Black has no time to
re-group his pieces and protect an a6 pawn now} Bf5 26. Qa1 Qe7 27. Rxa6 Rxa6
28. Rxa6 $16 e4 29. Qc1 Qe5 $138 30. Qe3 Bd7 (30... Qxb2 31. Qf4 Bg6 32. Qd6
$18) 31. Ra7 Rc7 {The endgame is lost, but black had no specially wide choise
here.} 32. f4 Qd6 33. Rxc7 Qxc7 34. Qxe4 Qd6 35. h4 g6 36. h5 Kf7 37. hxg6+
hxg6 38. Bd3 Bf5 39. Qe3 Bd7 40. Kf2 Qf8 41. Kg1 Qd6 42. Qe1 Bg4 43. Kf2 Bd7
44. Bc2 g5 45. Qe3 Qe7 46. Qd3 gxf4 47. Qh7+ Ke8 48. Qg8+ Qf8 49. Bg6+ 1-0

[Event "Eurotel Trophy sim"]
[Site "Prague"]
[Date "2001.10.20"]
[Round "2"]
[White "Movsesian, Sergei"]
[Black "Kasparov, Garry"]
[Result "1/2-1/2"]
[WhiteElo "2631"]
[BlackElo "2838"]
[Annotator "Movsesian,S"]
[PlyCount "72"]
[EventDate "2001.10.18"]
[EventType "simul"]
[EventRounds "1"]
[EventCountry "CZE"]
[SourceTitle "CBM 086"]
[Source "ChessBase"]
[SourceDate "2002.02.05"]
[SourceVersion "1"]
[SourceVersionDate "2002.02.05"]
[SourceQuality "1"]

1. e4 c5 2. Nf3 d6 3. d4 cxd4 4. Nxd4 Nf6 5. Nc3 a6 6. g3 e5 7. Nb3 $5 {
Not very usual continuation} ({More frequently played is} 7. Nde2) 7... Nbd7 8.
Bg2 b5 9. O-O Be7 10. Nd5 $5 ({After} 10. a4 b4 11. Nd5 Nxd5 12. Qxd5 {black
would hardly play} Nb6 $2 (12... Rb8 $142 $5) 13. Qa5 $1 O-O 14. Qxb4 Be6 15.
Na5 $16 {Vul-Kokanovic, Kladovo 90}) 10... Nxd5 11. exd5 a5 $5 (11... Bb7 $6
12. a4 b4 13. Bd2 a5 14. c3 bxc3 15. Bxc3 {[%csl Ra5]} Qb6 16. Ra3 Bd8 17. Nd4
$3 exd4 18. Bxd4 Nc5 19. Re1+ Kd7 20. Bxg7 Rg8 21. Bd4 $16 {[%csl Rd7]
Civric-Djukanovic, Tivat 95}) 12. a4 b4 13. Bd2 Bg5 $5 (13... O-O 14. c3 bxc3
15. Bxc3 $14) 14. f4 (14. Be1 Ba6) 14... Bf6 15. c3 bxc3 16. Bxc3 O-O 17. Ra3
$6 ({Objectively better is} 17. fxe5 Nxe5 18. Nd4 Ba6 $13 {but white is
looking for complications}) 17... Qb6+ 18. Kh1 exf4 19. Nd4 $5 ({After} 19.
Rxf4 Bxc3 20. bxc3 Ne5 $15 {[%csl Ra3] white rook on a3 would be completely
out of play}) 19... Nc5 $1 {[%cal Gc5e4,Gc5d3]} (19... fxg3 20. Rb3 Qc5 21. Nc6
$44 {[%cal Rc3f6,Rb3g3,Rc6e7] looked pretty dangerous for black}) 20. Rxf4 Be5
21. Rh4 (21. Rf2 Ba6 $15 {[%csl Ra3,Rf2] and all black pieces are placed
perfectly}) 21... Re8 22. Qf3 Ba6 {[%cal Ga6d3,Gd3g6]} 23. h3 Bd3 24. Kh2 Bg6
25. Nf5 Bxc3 26. Rxc3 Rab8 $5 (26... Qxb2 27. Nxd6 Re2 28. Rxc5 Rf2 29. Rb5 Qa2
30. Qxf2 Qxf2 31. Rf4 $44) (26... Bxf5 27. Qxf5 g6 28. Qf2 (28. Qf4 Qxb2 29.
Rf3 f5 $17) 28... Rab8 (28... Ra7 29. Rcc4 Rae7 30. b4 axb4 31. Rxb4 $13) (
28... Nxa4 29. Qxb6 Nxb6 30. Rc6 Nc8 31. Ra4 $1) 29. Rxh7 (29. Rc2 $5) 29...
Kxh7 30. Qxf7+ Kh6 31. Rc4 Re4 32. Rxe4 Nxe4 33. Qf4+ $11) (26... Re5 27. Ne3
$13 {[%cal Ge3c4]}) 27. b3 $1 Nxb3 (27... Bxf5 $143 28. Qxf5 h6 29. Rg4 $1 $40
{[%cal Rg4g7]}) 28. Rc6 Qa7 29. Rg4 $8 Bxf5 (29... Re1 30. h4 Qg1+ 31. Kh3 {
[%cal Rf3c3,Rc3c8,Rc3g7]}) 30. Qxf5 g6 (30... Nd4 $4 31. Qf6 $18) 31. Rxd6 Nd2
$1 {[%csl Rh2]} (31... Re1 32. h4 Qg1+ 33. Kh3 Re2 34. Qf1) 32. h4 (32. Rd7 $2
Nf3+ $1 $19) 32... Re1 33. Kh3 Qg1 34. Qf4 Re2 $2 ({The winning continuation
was} 34... Rb2 $3 35. Rd8+ (35. Qf6 $2 Qxg2+ $3 36. Kxg2 Re2+ 37. Kh3 Rh2+ $3
38. Kxh2 Nf3+ 39. Kh1 Rh2#) (35. Qd4 $2 Qh2+ $3 36. Kxh2 Nf3+ 37. Kh3 Rh1+ 38.
Bxh1 Rh2#) 35... Kg7 36. Qd4+ Qxd4 37. Rxd4 Re2 38. Rf4 f5 $1 {and black has a
mating attack}) 35. Rdxg6+ hxg6 36. Rxg6+ fxg6 1/2-1/2

[Event "Villa Martelli"]
[Site "Villa Martelli"]
[Date "1997.06.09"]
[Round "9"]
[White "Ginzburg, Maximiliano"]
[Black "Sutovsky, Emil"]
[Result "0-1"]
[WhiteElo "2450"]
[BlackElo "2560"]
[Annotator "Nor,I"]
[PlyCount "96"]
[EventDate "1997.06.01"]
[EventType "tourn"]
[EventRounds "11"]
[EventCountry "ARG"]
[EventCategory "13"]
[SourceTitle "CBM 060"]
[Source "ChessBase"]
[SourceDate "1997.09.29"]
[SourceVersion "1"]
[SourceVersionDate "1997.09.29"]
[SourceQuality "1"]

1. e4 {Hecht Gershon} c5 2. Nf3 d6 3. d4 cxd4 4. Nxd4 Nf6 5. Nc3 a6 6. g3 e5 7.
Nde2 Nbd7 8. a4 b6 9. Bg2 Bb7 10. h3 Rc8 $5 {A very promising idea!Instead of
moving pawns on king's flank [10...h6?!,10...h5?!],or finishing the
development [10...Be7],that gives white some chances on the king's flank,black
starts immediatly [!] playing his usual sicilian game.After all,his king is
not under fire yet! 10...Qc7 has the same idea and should be checked too.I
can't say the same about 10...b5?! though.} (10... h6 $6 11. g4 Nc5 12. Ng3 g6
13. Be3 Ne6 14. Qd2 Rc8 15. O-O h5 $6 16. g5 Nd7 17. h4 Be7 18. Nd5 Bxd5 19.
exd5 Ng7 20. f4 $1 $16 {Putzbach,G-Mowsziszian,K/Hamburg Wichern op 1993/1-0 
(110)}) (10... h5 $6 11. Bg5 Be7 12. h4 (12. O-O O-O 13. b3 Rc8 14. h4 Qc7 15.
Rc1 Rfe8 16. Qd2 Qb8 17. Rfd1 Ba8 18. Bh3 $1 $14 {1/2-1/2 Kholmov,R-Yudasin,L/
Minsk URS sf 1985 (51)}) 12... Rc8 13. Qd2 Rc7 14. O-O O-O 15. Rfd1 Qa8 16. f3
$14 {Kholmov,R-Ivanov,M/Moscow2 1991/1/2-1/2 (54)}) (10... Qc7 $5 11. g4 Nc5
12. Ng3 Ne6 13. g5 Nd7 14. h4 Rc8 15. Be3 Qc4 16. Nge2 $6 $13 {1/2-1/2 Kholmov,
R-Orso,M/Budapest Spring op 1991 (20)}) (10... Be7 {The main line.}) (10... b5
$6 11. axb5 axb5 12. Bg5 Bc6 13. O-O $14 {0-1 Fernandez,A-Bouaziz,S/Luzern olm
1982 (30)}) 11. g4 (11. O-O g6 12. Be3 Qc7 13. f4 exf4 $1 14. Nxf4 Bg7 $13 {
Ivanov,A-Kosten,A/Reykjavik 1990/1-0 (67)}) 11... Nc5 12. Ng3 g6 $5 13. O-O (
13. g5 Nfd7 14. h4 h6 $5 $13) 13... Ne6 14. Nd5 Bg7 15. Be3 $6 {Holmov played
here Re1,but wasn't better.After 15.Be3?! [as in game] it will be simular
position with one tempi less - white won't even equalize! I would think here
about 15.c3!?} (15. Re1 O-O 16. c3 Nxd5 17. exd5 Nf4 18. Bxf4 exf4 19. Ne2 Qg5
20. Nd4 Rc5 {= Kholmov,R-Fedorov,V/USSR 1981}) (15. c3 $5 $146) 15... Nxd5 $1
16. exd5 Nf4 $36 17. c3 (17. Bxf4 $2 exf4 18. Re1+ Kf8 19. Ne2 Bxb2 20. Rb1 Be5
$17) 17... O-O 18. Qd2 (18. Bxf4 $6 exf4 19. Ne2 Qg5 20. Nd4 (20. Qb3 f5 $1)
20... Rc5 $1 $15) 18... Rc4 $1 {Very strong!} (18... Nxg2 {[%cal Rb7g2]} 19.
Kxg2 f5 $6 20. gxf5 gxf5 21. f4 $1 $13) 19. b3 (19. Bxf4 $6 exf4 $5 20. Ne2 f5
21. b3 Rc7 $17) 19... Rc8 20. Rac1 $2 (20. c4 $1) 20... b5 $1 $17 21. axb5 axb5
22. Bxf4 exf4 23. Qxf4 Rxc3 $6 (23... Bxc3 $5 24. Rfd1 Re8 25. Ne4 Be5 26. Rxc8
Bxc8 $17 {and f5!}) 24. Rxc3 Bxc3 25. Ne4 Be5 26. Qh6 Bg7 27. Qd2 Qb6 $6 {
It is clear that black is better.But in order to win he should play as well as
he did before.Now he starts playing slovently.Black's game is on the king
flank but he will understand it latter.} (27... f5 $1 28. Ng5 $1 (28. gxf5 Rxf5
29. Ng3 Rf8 $1 (29... Re5 $6 30. f4 Qb6+ 31. Kh2 Re3 32. Rf3 Rxf3 33. Bxf3 $15
{With idea f5!}) 30. Re1 (30. f4 Bh6 31. Ne4 Rf5 $17) 30... Be5 $17) 28... Bh6
29. f4 fxg4 30. hxg4 (30. Ne6 Qb6+ 31. Kh2 gxh3 32. Bxh3 Rf6 $17) 30... Bxg5
31. fxg5 Rxf1+ 32. Kxf1 Qe7 $15) 28. Rd1 f5 29. gxf5 Rxf5 30. Qb4 Be5 $1 (30...
Bxd5 $6 31. Qxd6 Qxd6 32. Nxd6 Bxb3 33. Rb1 Bc2 34. Rxb5 Rxb5 35. Nxb5 Be5 $15
{But draw}) 31. Rd3 Kg7 32. Qd2 Qd8 $1 {Back to the weakness!But now white is
ready for defence.} 33. Rf3 Bc8 $6 {Not exact.} (33... Rxf3 $5 34. Bxf3 Bc8 (
34... Qh4 $6 35. Ng5 $1 (35. Bg2 $2 Qf4 36. Qxf4 Bxf4 37. Nc3 b4 38. Ne2 Bd2
$17) 35... Bc8 36. Bg2 (36. Ne6+ $2 Bxe6 37. dxe6 Qxh3 $17) 36... Kf6 37. Qc1
$1 $13 Bf5 $140 38. Qc7 $3 $18) 35. Bg2 Qf8 $1 $15) 34. Rxf5 Bxf5 35. Ng5 $2 (
35. f4 $1 Qb6+ (35... Ba1 36. Qb4 Bxe4 37. Qxe4 $11) (35... Bf6 36. Qb4 Bxe4
37. Qxe4 $11) 36. Kh2 Bf6 37. Qb4 $1 $11) 35... Qf6 36. Ne6+ {That's why white
missed 35.f4!He wants to use the draw-ideas of the multicolored bishops.But on
practice black has more chances to win than white to make a draw.This time,
even after exchanging the queens, black has some chances to win.} (36. Ne4 Qh4
$17) 36... Bxe6 37. dxe6 Qxe6 {[#] Hecht Die ungleichen Läufer lassen Weiß
trotz Minusbauer und zerfieselter Bauernstellung auf ein Remis hoffen. Ein
kapitaler Bock im Schlußzug - deshalb die Medaille! - zerstört diese Hoffnung
abrupt.} 38. Qd3 b4 $17 39. Bd5 Qf6 40. Kf1 Bf4 41. Bc4 h5 42. Qf3 Kh6 43. Kg2
Kg5 $6 (43... Qg5+ $5 44. Kf1 Qe5 $17) 44. Qe4 Be5 45. Bd3 Bd4 46. f4+ $5 Kh6
47. Kf3 (47. f5 {Hecht} Qg5+ $5 (47... Kg5 48. h4+ Kh6 49. Kh3 (49. fxg6 Qf2+
50. Kh3 Be5 51. Qg2 Qe3+ $19) 49... Be5 50. Qe3+ $15) (47... g5 $1 48. Qe6 g4
$17) 48. Kf3 (48. Kf1 Qg1+ 49. Ke2 Qf2+ 50. Kd1 Be3 51. Be2 Qg1+ 52. Kc2 Qc1+
53. Kd3 Qc3#) 48... Qg1 (48... Be5 $5) 49. Qf4+ Kg7 50. fxg6 $11) 47... Bc5 {
[#]} 48. Kg3 $4 (48. h4 $1 {/\ f5}) 48... Qh4+ (48... Qh4+ {Hecht} 49. Kh2 Qf2+
50. Qg2 Qxf4+ 51. Kh1 (51. Qg3 Qd2+ 52. Kh1 Qd1+ 53. Kh2 g5 $19) 51... g5 52.
Be2 Qe3 53. Bc4 d5 $19) 0-1

[Event "Olympiad-23"]
[Site "Buenos Aires"]
[Date "1978.11.04"]
[Round "10"]
[White "Kagan, Shimon"]
[Black "Polugaevsky, Lev"]
[Result "0-1"]
[WhiteElo "2465"]
[BlackElo "2620"]
[Annotator "Polugaevsky,L"]
[PlyCount "82"]
[EventDate "1978.10.25"]
[EventType "team-swiss"]
[EventRounds "14"]
[EventCountry "ARG"]
[SourceTitle "EXT 2000"]
[Source "ChessBase"]
[SourceDate "1999.11.16"]
[SourceVersion "1"]
[SourceVersionDate "1999.11.16"]
[SourceQuality "1"]
[WhiteTeam "Israel"]
[BlackTeam "Soviet Union"]
[WhiteTeamCountry "ISR"]
[BlackTeamCountry "URS"]

{Inf.26/492} 1. e4 c5 2. Nf3 d6 3. d4 cxd4 4. Nxd4 Nf6 5. Nc3 a6 6. g3 e5 7.
Nde2 Nbd7 (7... Be7) 8. a4 b6 9. Bg2 Bb7 10. h3 Be7 11. g4 Nc5 (11... h5 12. g5
Nh7 13. h4 Nhf8 14. f4 $16) 12. Ng3 O-O 13. Be3 (13. O-O g6 $13) 13... g6 14.
Qd2 $6 (14. O-O $1) 14... b5 $1 15. g5 $6 (15. axb5 axb5 16. Rxa8 Qxa8 $17) (
15. O-O $5) 15... Nfd7 16. a5 (16. axb5 axb5 17. Rxa8 Qxa8 18. b4 Ne6 $1 19.
Nxb5 Nf4 $1 20. Bxf4 exf4 21. Qxf4 Qa3 $17) 16... b4 17. Nd5 Bxd5 18. exd5 Rb8
$17 {[/\ Rb5]} 19. Bf1 f5 20. gxf6 Bxf6 21. Be2 e4 $1 22. Ra2 b3 23. cxb3 Rxb3
24. O-O Qe7 25. Rc1 (25. Bd1) 25... Be5 $1 {[/\ 26...Rxe3 27.Qxe3 Bf4]} 26. Kg2
Qh4 (26... Rf3 $1 27. Bxf3 exf3+ 28. Kxf3 (28. Kf1 Qh4) 28... Bxg3 29. fxg3
Qe4+ 30. Ke2 Rd3 $19) 27. Ra3 (27. Bg4 Rxe3 $1 28. Qxe3 Bf4 29. Qc3 Bxc1 30.
Qxc1 Rxf2+ $1 $19) 27... Rxa3 28. bxa3 Nb3 $19 29. Qd1 Nxc1 30. Qxc1 Bxg3 (
30... Bf4 $5 31. Bxa6 Bxe3 32. Qxe3 Nc5 33. Be2 Qf4 34. Qxf4 Rxf4 35. Nf1 Kf7
36. Nd2 Ke7 {/\ Rf8-+}) 31. fxg3 Qf6 $1 32. Qd2 (32. Qc4 Qb2 $1 33. Qxa6 Nc5)
32... Nc5 33. Qb4 Qe5 34. Bd4 (34. Bxc5 dxc5 35. Qxc5 e3) 34... Qe7 $1 35. Bxc5
(35. Be3 Nd3) 35... dxc5 36. Qc4 Qe5 $1 37. d6+ Kg7 38. Qxa6 e3 39. Qb7+ Kh6
40. h4 Rf2+ 41. Kh3 Rxe2 0-1

[Event "CHN-chT"]
[Site "China"]
[Date "2015.07.27"]
[Round "11.13"]
[White "Malakhov, Vladimir"]
[Black "Liu, Qingnan"]
[Result "1-0"]
[WhiteElo "2706"]
[BlackElo "2510"]
[Annotator "Primel,D"]
[PlyCount "95"]
[EventDate "2015.04.10"]
[EventType "team-match"]
[EventRounds "22"]
[EventCountry "CHN"]
[SourceTitle "EXT 2019"]
[Source "ChessBase"]
[SourceDate "2018.10.10"]
[SourceVersion "1"]
[SourceVersionDate "2018.10.10"]
[SourceQuality "1"]
[WhiteTeam "Tianjing"]
[BlackTeam "Shandong"]
[WhiteTeamCountry "CHN"]
[BlackTeamCountry "CHN"]
[TimeControl "5400+30"]

1. e4 c5 2. Nf3 d6 3. d4 cxd4 4. Nxd4 Nf6 5. Nc3 a6 6. g3 $5 {Une variante
solide} e5 (6... e6) 7. Nde2 {le Ne2 sera ensuite recyclé vers l'aile-roi par
h3g4 et Ng3} (7. Nb3 Be7 8. Bg2 b5 (8... O-O) 9. a4 b4 10. Nd5 Nxd5 11. Qxd5
Ra7 12. Be3 Be6 $132 {Leko,P (2752)-Grischuk,A (2736) Wch Blitz 4th 2009 (14)
0-1}) 7... Be7 8. Bg2 O-O {Les Noirs ont aussi le choix de jouer des
poisitions plus aigues en retardant le roque avec la poussée b5} (8... b5 $5
9. h3 (9. Nd5) 9... Nbd7 10. g4 b4 $1 11. Nd5 Nxd5 12. exd5 a5 13. O-O h5 $5 {
[%csl Rg1,Gh8]} 14. gxh5 Rxh5 15. Nd4 {Alekseev,E (2708)-Dominguez Perez,L 
(2708) Biel GM 41st 2008 (8) 0-1} (15. Nf4 $142)) 9. a4 Nc6 (9... Be6 10. O-O
Nbd7 11. h3 Rc8 12. Be3) 10. O-O Be6 11. Nd5 (11. h3 Nb4 {[%csl Gd5]} 12. f4
Qc8 $6 (12... Rc8 13. Be3 d5 $1 14. fxe5 Nxe4 {Al Qudaimi,B (2405)-Al Sayed,M 
(2501) Arab-ch Elite 3rd 2015 (5) 0-1}) 13. f5 $14 {Eliskases,E-Pilnik,H Mar
del Plata 1953 (18) 0-1}) 11... Rc8 (11... Bxd5 12. exd5 Nb8 13. a5 Nbd7 14. b3
Rc8 15. c4 $14 Qc7 16. Nc3 Rfe8 17. Be3 Bf8 18. Re1 g6 19. Na4 {1/2-1/2 (19)
Manolov,I (2259)-Enchev,I (2302) Sunny Beach 2007}) 12. b3 $146 (12. Be3 Bxd5
13. exd5 Nb8 14. h3 Nbd7 15. c3 Re8 16. a5 Bf8 17. g4 g6 18. Ng3 h6 19. Qd2 Kh7
20. b4 Qc7 21. Ra3 Qc4 22. Rd1 e4 23. Bf1 Qc7 24. Bd4 Nxd5 25. c4 N5f6 26. Rc3
Ne5 27. Qc2 Qc6 28. b5 Nf3+ 29. Rxf3 {1-0 (29) Bruno,E (2266)-Fusco,L (2296)
Buenos Aires 2004}) 12... Bg4 $6 13. Ne3 $1 {[%cal Ge3g4,Ge3c2] Gagnant un
tempo important et le Ne3 occupe une excellente case centrale défendant la
faiblesse c2 tout en pouvant s'activer à l'aile-roi} Bh5 14. Bb2 Bg6 15. Nc3
$1 {[%csl Gd5]} Nb4 $6 {[%csl Gd5] Un coup naturel pour lutter pour le
contrôle de la case "d5" tout en faisant pression sur "c2" mais les Blancs
vont trouver une forte idée} 16. a5 $1 $14 {[%csl Gb6][%cal Ga1a4]} Re8 (16...
Nc6 {[%cal Gc6a5]} 17. Ned5 $1 Nxd5 18. Nxd5 $16) 17. Ra4 d5 {[%cal Ge7b4]
Tente de pêcher en eaux troubles mais les compensations Noires sont
insuffisantes} 18. Ncxd5 Nfxd5 19. exd5 {[%csl Rb4,Gc6][%cal Gb2a3] Menace de
gagner le N par Ba3} Bc5 $8 {[%cal Gc5e3]} 20. Qe2 Qd7 (20... Bxe3 21. Rxb4 {
[%cal Gb4b7]} Rxc2 22. Qxe3 Rxb2 23. Rxb7 Qxa5 (23... Qd6 24. Rb6) 24. Qxe5 {
[%csl Rg8]}) 21. Bc3 Nxc2 $1 22. Nxc2 Bd4 {[%cal Gc8c2]} 23. Bxd4 exd4 (23...
Rxc2 24. Qd1 exd4 25. Rxd4 $16 {[%csl Gd5]}) 24. Qd2 Bxc2 25. Qxd4 f5 $6 {
[%csl Re6,Rg8][%cal Gc2e4] Très affaiblissant} 26. d6 $1 {[%csl Rb7,Gd6,Gg2]
Le P passé est trés fort} Be4 27. Bxe4 Rxe4 28. Qd5+ Qf7 29. Qd3 $1 Rxa4 30.
bxa4 {L'échange de la R n'a pas soulagé la défense des Noirs malgré
l'affaiblissement de la structure des Blancs} Qe6 31. d7 {Forçant la R Noire
à occuper une positon passive et le K Noir devra monter au centre pour tenter
de participer à l'attaque du P passé mais au risque d'échec intermédiaire}
Rd8 32. Rd1 Kf7 {Courageusement le K tente de monter au centre mais avec les Q,
c'est trés risqué} 33. Qd4 Qe4 $5 {[%cal Ge4a4] Permet de forcer l'échange
des Q mais toutes les finales de R ne sont pas toujours nulles} 34. Qxe4 $8 (
34. Qb6 Qxa4 {[%cal Ga4d1,Gd8d7]}) 34... fxe4 35. Rd4 Kf6 (35... Ke6 36. Rxe4+
Kxd7 37. Rd4+ Kc7 38. Rxd8 Kxd8 39. Kf1 Kd7 40. Ke2 Kd6 41. Kd3 Kd5 {[%csl Gf2,
Gg3,Gh2]} (41... Kc5 42. Kc3) 42. f3 $18 Kc5 43. Kc3) 36. Kf1 Ke5 37. Rd1 Ke6
38. Ke2 Rxd7 39. Rxd7 Kxd7 40. Ke3 Kc6 41. Kxe4 b5 (41... Kc5 42. f4 (42. Kd3
$2 Kb4) (42. Ke5 Kb4 43. Ke6 Kxa5 44. Kf7 b5 45. axb5 axb5 46. Kxg7 b4 47. Kxh7
b3 48. f4 b2 49. f5 b1=Q) 42... Kb4 43. g4 Kxa5 44. f5 Kxa4 45. g5 b5 46. f6
gxf6 47. gxf6 b4 48. f7 b3 49. f8=Q) 42. axb6 Kxb6 43. f4 Ka5 44. g4 Kxa4 45.
f5 Kb4 46. g5 Kc5 47. Ke5 Kc6 48. Ke6 1-0